00680nam a2200145Ia 4500008004100000100002000041245010100061245007900162260000900241300003900250440004900289650010500338999001900443952007200462171207s9999 xx 000 0 und d aDuffy, Jason T. 2aA Story Does Exist: A Qualitative Exploration of the Use of Reflective Stories in Pre-Practicum  cJason T. Duffy, Michelle N. Saltis, Laura K. Thompson & Steven J. Kassirer c2017 apages 320-334, July-September 2017 aJournal of Creativity in Mental Healthv12:3 aCounselor development, counselor education, creativity, creativity in counseling, metaphor, pedagogy c347696d347696 001040aCLbCLd2017-12-07l0r2017-12-07 00:00:00w2017-12-07ySE